[Event "E92"]
[Site "Cleanchess.com Aarhus DEN"]
[Date "2018.02.13"]
[Round "4.3"]
[White "Thybo,Jesper Sondergaard"]
[Black "Thogersen,Rasmus"]
[Result "1-0"]
[WhiteElo "2479"]
[BlackElo "2334"]

1.Nf3 Nf6 2.c4 g6 3.Nc3 Bg7 4.e4 d6 5.d4 O-O 6.Be2 e5 7.Be3 Ng4 8.Bg5 f6 9.Bh4
Nc6 10.d5 Ne7 11.Nd2 Nh6 12.f3 g5 13.Bf2 Ng6 14.g4 Nf7 15.Qc2 h5 16.Nf1 Nf4
17.Ne3 Nh6 18.O-O-O Nh3 19.Be1 Bd7 20.Kb1 Kf7 21.c5 Rh8 22.Qb3 Rb8 23.cxd6
cxd6 24.gxh5 Ng8 25.Qa3 a6 26.Qxd6 Bf8 27.Qe6+ Bxe6 28.dxe6+ Kxe6 29.Bc4+ Ke7
30.Nf5+ Ke8 31.Rxd8+ Rxd8 32.Nd5 Nf4 33.Ba5 Rc8 34.Nc7+ Rxc7 35.Bxc7 Ne7
36.Rd1 Nxf5 37.Rd8+ Ke7 38.exf5 Bg7 39.Rxh8 Bxh8 40.h6 b5 41.Bg8 Ng2 42.Ba5
Nh4 43.Bb4+ Ke8 44.Be6 Nxf3 45.Bc8 Nd4 46.Bc5 Kd8 47.Bxd4 exd4 48.Bxa6 b4
49.Kc2 Kc7 50.Kd3 {#r} 1-0

[Event "E94"]
[Site "Cleanchess.com Lutsk UKR"]
[Date "2018.02.17"]
[Round "6.3"]
[White "Budnikov,O"]
[Black "Alexikov,A"]
[Result "1-0"]
[WhiteElo "2422"]
[BlackElo "2303"]

1.d4 Nf6 2.c4 g6 3.Nc3 Bg7 4.e4 d6 5.Nf3 O-O 6.Be2 e5 7.O-O Na6 8.d5 Nc5 9.Qc2
a5 10.Be3 h6 11.Nd2 Qe7 12.f3 {#r} 1-0

[Event "E94"]
[Site "Cleanchess.com Neustadt an der Weinstrasse GER"]
[Date "2018.02.12"]
[Round "7.6"]
[White "Malakhatko,V"]
[Black "Kulon,K"]
[Result "1-0"]
[WhiteElo "2541"]
[BlackElo "2364"]

1.c4 Nf6 2.d4 g6 3.Nc3 Bg7 4.e4 d6 5.Nf3 O-O 6.Be2 e5 7.O-O exd4 8.Nxd4 Re8
9.f3 c6 10.Bf4 Nh5 11.Be3 f5 12.Qd2 f4 13.Bf2 Be5 14.Rfd1 Na6 15.Rac1 Qf6
16.a3 Nc7 17.b4 Ng7 18.Nb3 b6 19.Nd4 Bb7 20.Nb3 Rad8 21.Qc2 Kh8 22.a4 d5 23.c5
d4 24.Na2 b5 25.Rb1 Nge6 26.Nac1 bxa4 27.Na5 d3 28.Bxd3 Nd4 29.Qxa4 Bc8 30.Nc4
Ncb5 31.Na2 Be6 32.Nxe5 Qxe5 33.Bxb5 Nxb5 34.Qa5 Bxa2 35.Qxa2 Nc3 36.Rxd8 Rxd8
37.Qb2 Qg7 38.Re1 Qe5 39.h3 Qg7 40.Qc2 Qe5 41.Qb2 Qg7 42.Bh4 Rd3 43.Qc2 Rd7
44.e5 Nd5 45.e6 Rb7 46.Qe4 g5 47.Bf2 Kg8 48.b5 Rxb5 49.e7 {#r} 1-0

[Event "E94"]
[Site "Cleanchess.com Lutsk UKR"]
[Date "2018.02.18"]
[Round "8.6"]
[White "Solovchuk,A"]
[Black "Alexikov,A"]
[Result "1-0"]
[WhiteElo "2364"]
[BlackElo "2303"]

1.c4 g6 2.Nc3 Bg7 3.d4 Nf6 4.e4 d6 5.Nf3 O-O 6.Be2 e5 7.O-O Na6 8.d5 Nc5 9.Qc2
a5 10.Be3 Ng4 11.Bxc5 dxc5 12.h3 Nh6 13.Qd2 f6 14.Qe3 b6 15.Bd1 Nf7 16.Ba4 f5
17.Bc6 f4 18.Qe2 Rb8 19.Nb5 Nd6 20.Nxd6 cxd6 21.a3 h5 22.b4 Bf6 23.Nh2 Kh7
24.Rfb1 axb4 25.axb4 cxb4 26.Ra7+ Kh6 27.Rxb4 g5 28.Rba4 Rg8 29.g4 fxg3
30.fxg3 g4 31.h4 Rf8 32.Qe3+ Kg6 33.Ra1 Bg7 34.Rf1 Bh6 35.Qa3 Bd2 36.Rxf8 Qxf8
37.Be8+ Kf6 38.Rf7+ Qxf7 39.Bxf7 Kxf7 40.Qxd6 Ra8 41.Nf1 Bc3 42.Qc7+ Kf8
43.Qc6 Bd4+ 44.Kh1 Ra1 45.Qxc8+ Ke7 46.Qe6+ Kd8 47.Qf5 Ra2 48.Qxh5 Rf2 49.Nh2
Rc2 {#r} 1-0

[Event "E94"]
[Site "Cleanchess.com   INT"]
[Date "2018.02.14"]
[Round "6"]
[White "Urkedal,F"]
[Black "Ehlvest,J"]
[Result "0-1"]
[WhiteElo "2572"]
[BlackElo "2536"]

1.d4 Nf6 2.c4 d6 3.Nf3 Nbd7 4.Nc3 g6 5.e4 e5 6.Be2 Bg7 7.O-O O-O 8.Be3 exd4
9.Nxd4 Re8 10.f3 c6 11.Qd2 a6 12.Rad1 Ne5 13.Bf2 b5 14.cxb5 axb5 15.Nc2 Bf8
16.Kh1 Be6 17.Bh4 Be7 18.Nd4 b4 19.Nxe6 bxc3 20.Nxd8 cxd2 21.Nb7 Nxe4 22.fxe4
Bxh4 23.Rxd2 Be7 24.b3 Reb8 25.Nxd6 Bxd6 26.Rxd6 Rxa2 27.Bc4 Rba8 28.Rdf6 R8a7
29.h3 Kg7 30.Kh2 Rd2 31.R6f2 Raa2 32.Rxd2 Rxd2 33.Kg3 h5 34.Rc1 h4+ 35.Kf4 Kf6
36.Bf1 Rb2 37.Rd1 g5+ 38.Ke3 Rxb3+ 39.Kd4 Rb4+ 40.Ke3 Ke7 41.Be2 f6 42.Rd2
Rb3+ 43.Kf2 c5 44.Rd5 Rc3 45.Ke1 c4 46.Rd4 Rc1+ 47.Kf2 c3 48.Rd5 Rc2 49.Ke3
Ra2 50.Rc5 c2 51.Bf3 Ra3+ 52.Ke2 Ra2 53.Ke3 Kd6 54.Rc8 Kd7 55.Rc5 Kd6 56.Rc8
Ra3+ 57.Ke2 Nc6 58.Kd2 Nd4 59.Bg4 Rg3 60.Rc4 Ke5 61.Bf3 Nxf3+ 62.gxf3 Rxf3
63.Kxc2 Rxh3 64.Kd2 Ra3 65.Ke2 g4 66.Kf2 Ra2+ 67.Ke3 Ra3+ 68.Kf2 Rf3+ 69.Kg2
Re3 70.Rc5+ Kxe4 71.Rc4+ Kf5 72.Rc5+ Re5 73.Rc4 Re4 74.Rc5+ Kf4 75.Rc3 f5
76.Ra3 Re2+ 77.Kg1 Rb2 78.Ra4+ Kg5 79.Ra3 h3 80.Ra8 g3 81.Ra1 f4 82.Rc1 Kg4
83.Kh1 Re2 84.Rb1 f3 85.Ra1 Rh2+ 86.Kg1 f2+ {#R} 0-1

[Event "E95"]
[Site "Cleanchess.com Lutsk UKR"]
[Date "2018.02.16"]
[Round "10.3"]
[White "Razin,V"]
[Black "Bortnik,N"]
[Result "0-1"]
[WhiteElo "2379"]
[BlackElo "2432"]

1.d4 Nf6 2.Nf3 d6 3.c4 Nbd7 4.Nc3 g6 5.e4 Bg7 6.Be2 O-O 7.O-O e5 8.Re1 exd4
9.Nxd4 Re8 10.f3 a6 11.Bf1 Ne5 12.Be3 Bd7 13.Qd2 Nc6 14.Nc2 Qc8 15.Rad1 Be6
16.Nd5 Ne5 17.Nd4 Nfd7 18.Rc1 c6 19.Nf4 Qc7 20.Red1 Bf8 21.Kh1 a5 22.b3 Nc5
23.a3 {#R} 0-1